[Event "IECC Trio 780 email"]
[Site "IECC email"]
[Date "1999.08.17"]
[Round "?"]
[White "Borger, Eric"]
[Black "Rzepka, Piotr"]
[Result "0-1"]
[WhiteElo "1199"]
[BlackElo "1316"]
[PlyCount "47"]
[EventDate "1999.??.??"]
[EventType "tourn (corr)"]
[EventRounds "4"]
[SourceTitle "Corr 2008"]
[Source "ChessBase"]
[SourceDate "2008.06.24"]
[SourceVersion "1"]
[SourceVersionDate "2008.06.24"]
[SourceQuality "1"]

1. f4 d5 2. b3 Nc6 3. Bb2 e6 4. Nc3 Nf6 5. e3 Bd6 6. Bb5 Bd7 7. Nf3 0-0 8. 0-0 a6 9. Be2 Qe7 10. d3 e5 11. fxe5 Nxe5 12. e4 dxe4 13. dxe4 Nfg4 14. Qd2 Rad8 15. Nd5 Qe6 16. Nf4 Qh6 17. h3 Nxf3+ 18. Rxf3 Bc5+ 19. Bd4 Bc8 20. c3 Ne5 21. Rg3 Nc6 22. Rxg7+ Qxg7 23. Nh5 Rxd4 24. cxd4 0-1